Losowe Państwo Europy i Podpowiedzi. - Statystyki

Ogólne statystyki
  • Ten quiz został rozwiązany 67 razy
  • Średni wynik to 4 z 5
Statystyki odpowiedzi
Nazwa grupy Podpowiedź Odpowiedź % Poprawnych
Ukryte państwo Ilość sąsiadów 1
100%
Ukryte państwo Ilość sąsiadów 2
100%
Ukryte państwo Ilość sąsiadów 2
100%
Ukryte państwo Ilość sąsiadów 3
100%
Ukryte państwo Ilość sąsiadów 4
100%
Ukryte państwo Ilość sąsiadów 4
100%
Ukryte państwo Ilość sąsiadów 4
100%
Ukryte państwo Ilość sąsiadów 4
100%
Ukryte państwo Ilość sąsiadów 4
100%
Ukryte państwo Ilość sąsiadów 4
100%
Ukryte państwo Ilość sąsiadów 5
100%
Ukryte państwo Ilość sąsiadów 5
100%
Ukryte państwo Ilość sąsiadów 5
100%
Ukryte państwo Ilość sąsiadów 5
100%
Ukryte państwo Ilość sąsiadów 5
100%
Ukryte państwo Ilość sąsiadów 5
100%
Ukryte państwo Ilość sąsiadów 6
100%
Ukryte państwo Ilość sąsiadów 8
100%
Ukryte państwo Ilość sąsiadów 8
100%
Ukryte państwo Państwo Andora
100%
Ukryte państwo Państwo Austria
100%
Ukryte państwo Państwo Belgia
100%
Ukryte państwo Państwo Białoruś
100%
Ukryte państwo Język/i Białoruski/Rosyjski
100%
Ukryte państwo Waluta Dinar Serbski
100%
Ukryte państwo Waluta Euro
100%
Ukryte państwo Waluta Euro
100%
Ukryte państwo Waluta Euro
100%
Ukryte państwo Waluta Euro
100%
Ukryte państwo Waluta Euro
100%
Ukryte państwo Waluta Euro
100%
Ukryte państwo Waluta Euro
100%
Ukryte państwo Waluta Euro
100%
Ukryte państwo Waluta Euro
100%
Ukryte państwo Waluta Euro
100%
Ukryte państwo Waluta Euro
100%
Ukryte państwo Waluta Euro
100%
Ukryte państwo Waluta Euro
100%
Ukryte państwo Waluta Euro
100%
Ukryte państwo Kontynent Europa
100%
Ukryte państwo Kontynent Europa
100%
Ukryte państwo Kontynent Europa
100%
Ukryte państwo Kontynent Europa
100%
Ukryte państwo Kontynent Europa
100%
Ukryte państwo Kontynent Europa
100%
Ukryte państwo Kontynent Europa
100%
Ukryte państwo Kontynent Europa
100%
Ukryte państwo Kontynent Europa
100%
Ukryte państwo Kontynent Europa
100%
Ukryte państwo Kontynent Europa
100%
Ukryte państwo Kontynent Europa
100%
Ukryte państwo Kontynent Europa
100%
Ukryte państwo Kontynent Europa
100%
Ukryte państwo Kontynent Europa
100%
Ukryte państwo Kontynent Europa
100%
Ukryte państwo Kontynent Europa
100%
Ukryte państwo Kontynent Europa
100%
Ukryte państwo Kontynent Europa
100%
Ukryte państwo Kontynent Europa
100%
Ukryte państwo Kontynent Europa
100%
Ukryte państwo Kontynent Europa
100%
Ukryte państwo Kontynent Europa
100%
Ukryte państwo Kontynent Europa
100%
Ukryte państwo Kontynent Europa
100%
Ukryte państwo Kontynent Europa/Azja
100%
Ukryte państwo Język/i Francuski/Włoski
100%
Ukryte państwo Waluta Frank Szwajcarski
100%
Ukryte państwo Państwo Grecja
100%
Ukryte państwo Język/i Grecki
100%
Ukryte państwo Państwo Hiszpania
100%
Ukryte państwo Język/i Hiszpański
100%
Ukryte państwo Waluta Lej
100%
Ukryte państwo Państwo Liechtenstein
100%
Ukryte państwo Język/i Łotewski
100%
Ukryte państwo Państwo Łotwa
100%
Ukryte państwo Państwo Monako
100%
Ukryte państwo Język/i Niderlandzki/Francuski
100%
Ukryte państwo Język/i Niemiecki
100%
Ukryte państwo Język/i Niemiecki
100%
Ukryte państwo Język/i Niemiecki/Francuski
100%
Ukryte państwo Państwo Rosja
100%
Ukryte państwo Język/i Rosyjski
100%
Ukryte państwo Waluta Rubel Białoruski
100%
Ukryte państwo Waluta Rubel Rosyjski
100%
Ukryte państwo Państwo Rumunia
100%
Ukryte państwo Język/i Rumuński
100%
Ukryte państwo Państwo Serbia
100%
Ukryte państwo Język/i Serbski
100%
Ukryte państwo Ilość sąsiadów 5
67%
Ukryte państwo Waluta Frank Szwajcarski
67%
Ukryte państwo Państwo Szwajcaria
67%
Ukryte państwo Ilość sąsiadów 14
50%
Ukryte państwo Ukryte państwo Włochy
50%
Ukryte państwo Język/i Włoski
50%
Ukryte państwo Ilość sąsiadów 0
0%
Ukryte państwo Ilość sąsiadów 0
0%
Ukryte państwo Ilość sąsiadów 1
0%
Ukryte państwo Ilość sąsiadów 1
0%
Ukryte państwo Ilość sąsiadów 1
0%
Ukryte państwo Ilość sąsiadów 1
0%
Ukryte państwo Ilość sąsiadów 11
0%
Ukryte państwo Ilość sąsiadów 2
0%
Ukryte państwo Ilość sąsiadów 2
0%
Ukryte państwo Ilość sąsiadów 2
0%
Ukryte państwo Ilość sąsiadów 2
0%
Ukryte państwo Ilość sąsiadów 3
0%
Ukryte państwo Ilość sąsiadów 3
0%
Ukryte państwo Ilość sąsiadów 3
0%
Ukryte państwo Ilość sąsiadów 3
0%
Ukryte państwo Ilość sąsiadów 3
0%
Ukryte państwo Ilość sąsiadów 4
0%
Ukryte państwo Ilość sąsiadów 4
0%
Ukryte państwo Ilość sąsiadów 5
0%
Ukryte państwo Ilość sąsiadów 5
0%
Ukryte państwo Ilość sąsiadów 7
0%
Ukryte państwo Ilość sąsiadów 7
0%
Ukryte państwo Ilość sąsiadów 7
0%
Ukryte państwo Ilość sąsiadów 9
0%
Ukryte państwo Państwo Albania
0%
Ukryte państwo Język/i Albański
0%
Ukryte państwo Język/i Albański/Serbski
0%
Ukryte państwo Język/i Angielski
0%
Ukryte państwo Język/i Bośniacki/Chorwacki
0%
Ukryte państwo Państwo Bośnia i Hercegowina
0%
Ukryte państwo Państwo Bułgaria
0%
Ukryte państwo Język/i Bułgarski
0%
Ukryte państwo Państwo Chorwacja
0%
Ukryte państwo Język/i Chorwacki
0%
Ukryte państwo Państwo Czarnogóra
0%
Ukryte państwo Język/i Czarnogórski
0%
Ukryte państwo Państwo Czechy
0%
Ukryte państwo Język/i Czeski
0%
Ukryte państwo Państwo Dania
0%
Ukryte państwo Waluta Dinar
0%
Ukryte państwo Język/i Duński
0%
Ukryte państwo Państwo Estonia
0%
Ukryte państwo Język/i Estoński
0%
Ukryte państwo Waluta Euro
0%
Ukryte państwo Waluta Euro
0%
Ukryte państwo Waluta Euro
0%
Ukryte państwo Waluta Euro
0%
Ukryte państwo Waluta Euro
0%
Ukryte państwo Waluta Euro
0%
Ukryte państwo Waluta Euro
0%
Ukryte państwo Waluta Euro
0%
Ukryte państwo Waluta Euro
0%
Ukryte państwo Waluta Euro
0%
Ukryte państwo Waluta Euro
0%
Ukryte państwo Kontynent Europa
0%
Ukryte państwo Kontynent Europa
0%
Ukryte państwo Kontynent Europa
0%
Ukryte państwo Kontynent Europa
0%
Ukryte państwo Kontynent Europa
0%
Ukryte państwo Kontynent Europa
0%
Ukryte państwo Kontynent Europa
0%
Ukryte państwo Kontynent Europa
0%
Ukryte państwo Kontynent Europa
0%
Ukryte państwo Kontynent Europa
0%
Ukryte państwo Kontynent Europa
0%
Ukryte państwo Kontynent Europa
0%
Ukryte państwo Kontynent Europa
0%
Ukryte państwo Kontynent Europa
0%
Ukryte państwo Kontynent Europa
0%
Ukryte państwo Kontynent Europa
0%
Ukryte państwo Kontynent Europa
0%
Ukryte państwo Kontynent Europa
0%
Ukryte państwo Kontynent Europa
0%
Ukryte państwo Państwo Finlandia
0%
Ukryte państwo Język/i Fiński/Szwedzki
0%
Ukryte państwo Waluta Forint
0%
Ukryte państwo Państwo Francja
0%
Ukryte państwo Język/i Francuski
0%
Ukryte państwo Waluta Funt Szterling
0%
Ukryte państwo Waluta Hrywna
0%
Ukryte państwo Państwo Irlandia
0%
Ukryte państwo Język/i Irlandzki/Angielski
0%
Ukryte państwo Państwo Islandia
0%
Ukryte państwo Język/i Islandzki
0%
Ukryte państwo Język/i Kataloński
0%
Ukryte państwo Waluta Korona Czeska
0%
Ukryte państwo Waluta Korona Duńska
0%
Ukryte państwo Waluta Korona islandzka
0%
Ukryte państwo Waluta Korona Norweska
0%
Ukryte państwo Waluta Korona Szwedzka
0%
Ukryte państwo Państwo Kosowo
0%
Ukryte państwo Język/i Łacina/Włoski
0%
Ukryte państwo Waluta Lej Mołdawii
0%
Ukryte państwo Waluta Lek
0%
Ukryte państwo Waluta Lew
0%
Ukryte państwo Język/i Litewski
0%
Ukryte państwo Państwo Litwa
0%
Ukryte państwo Państwo Luksemburg
0%
Ukryte państwo Język/i Luksemburski/Francuski
0%
Ukryte państwo Państwo Macedonia Północna
0%
Ukryte państwo Język/i Macedoński/Albański
0%
Ukryte państwo Państwo Malta
0%
Ukryte państwo Język/i Maltański/Angielski
0%
Ukryte państwo Waluta Marka zamienna
0%
Ukryte państwo Państwo Mołdawia
0%
Ukryte państwo Państwo Niderlandy
0%
Ukryte państwo Język/i Niderlandzki/Fryzyjski
0%
Ukryte państwo Państwo Niemcy
0%
Ukryte państwo Język/i Niemiecki
0%
Ukryte państwo Państwo Norwegia
0%
Ukryte państwo Język/i Norweski
0%
Ukryte państwo Państwo Polska
0%
Ukryte państwo Język/i Polski
0%
Ukryte państwo Państwo Portugalia
0%
Ukryte państwo Język/i Portugalski
0%
Ukryte państwo Język/i Rumuński/Rosyjski
0%
Ukryte państwo Państwo San Marino
0%
Ukryte państwo Państwo Słowacja
0%
Ukryte państwo Język/i Słowacki
0%
Ukryte państwo Państwo Słowenia
0%
Ukryte państwo Język/i Słoweński
0%
Ukryte państwo Państwo Szwecja
0%
Ukryte państwo Język/i Szwedzki
0%
Ukryte państwo Państwo Ukraina
0%
Ukryte państwo Język/i Ukraiński
0%
Ukryte państwo Państwo Watykan
0%
Ukryte państwo Język/i Węgierski
0%
Ukryte państwo Państwo Węgry
0%
Ukryte państwo Państwo Wielka Brytania
0%
Ukryte państwo Język/i Włoski
0%
Ukryte państwo Waluta Złoty
0%
Nie znaleziono quizów pasujących do podanych kryteriów
Rozkład punktacji
Procent ludzi z każdym wynikiem
Percentyl według liczby udzielonych odpowiedzi
Twoja historia wyników
Nie rozwiązałeś tego quizu